000 00320nam a22001337a 4500
008 181023b xxu||||| |||| 00| 0 eng d
020 _a0873525787
041 _aeng
080 _a371
100 _a46
101 _aEDU
245 _aWriting, Teaching, and Learning in the Disciplines
_cHerrington,A
942 _2udc
_cBK
999 _c50711
_d50711